000 00650nam a22002177a 4500
999 _c12061
_d12061
003 AR-CdUCM
008 190405b ||||| |||| 00| 0 spa d
040 _aMUNICIPALIDAD PROVINCIAL DEL CUSCO
_cBIBLIOTECA MUNICIPAL DEL CUSCO
082 _aC / 869.56 /
_bL26
100 _aLarrea Blanes, Federico
_923208
245 _aBajel de Amor /
260 _aCusco :
_bEl Comercio,
_c1950.
300 _c21 cm.
440 _aBiblioteca Tradicional.
_n1
_929731
505 _aContenido: Poesías.
650 _aLiteratura Peruana
_9132
650 _aSiglo XX
_98
650 _aPoemas Cusqueños
_917375
942 _2ddc
_cLIBROS
945 _aachl
_d2019-04-05